000
00247nam a2200097Ia 4500
001
1221810
005
20250827092836.0
008
250824s9999 xx 000 0 und d
245
0
_a
RABBİN İÇİN SABRET
_c
UĞUR KOŞAR
260
_b
DESTEK YAYINLARI
999
_c
1221810
_d
1221810